Normal view
MARC view
- Green, Jeff
Entry Personal Name
001 - CONTROL NUMBER
- control field: 83882
003 - CONTROL NUMBER IDENTIFIER
- control field: NUST
005 - DATE AND TIME OF LATEST TRANSACTION
- control field: 20211111113438.0
008 - FIXED-LENGTH DATA ELEMENTS
- fixed length control field: 211111|| aca||aabn | a|a d
040 ## - CATALOGING SOURCE
- Original cataloging agency: NUST
- Transcribing agency: NUST
100 ## - HEADING--PERSONAL NAME
- Personal name: Green, Jeff
670 ## - SOURCE DATA FOUND
- Source citation: Work cat.: (NUST)33997: Green, Jeff, Automotive Air Conditioning /, 2013.
